|
|
|
|
| LEADER |
00833cam a2200229 7i4500 |
| 001 |
0000029251 |
| 005 |
20170218090000.0 |
| 008 |
090818 eng |
| 020 |
|
|
|a 1856057402 (hbk.)
|
| 020 |
|
|
|a 9781856057400
|
| 040 |
|
|
|a UiTM
|
| 090 |
0 |
0 |
|a ND2068
|b .C44 2003
|
| 100 |
1 |
|
|a Cherrett, Pauline
|
| 245 |
1 |
4 |
|a The practical art of chinese brush painting
|c Pauline Cherrett.
|
| 260 |
|
|
|a Leicester:
|b Silverdale Books,
|c 2003.
|
| 300 |
|
|
|a 176 p.:
|b ill. col.;
|c 29 cm.
|
| 504 |
|
|
|a Includes bibliographical references and index
|
| 650 |
0 |
0 |
|a Ink painting, Chinese --
|x Technique
|
| 650 |
0 |
0 |
|a Brush drawing --
|x Technique
|
| 650 |
0 |
0 |
|a Ink painting --
|x Technique
|
| 997 |
|
|
|a Communication, Visual Art & Computing, Faculty
|b Visual Art, Department
|
| 999 |
|
|
|a 0000037483
|b BOK
|c OPEN SHELF
|e 1st Floor, Bestari Jaya
|